000
00208 a2200097 4500
001
18551
100
_a
Manzari, M.A
245
_a
Tajreeda Sahi Muslmi
260
_a
_b
Ashahat Manzil
_c
090
_c
13781
_d
13781
942
_a
NUST-CAE
_c
M
_c
4204
999
_c
253624
_d
253624